Relaciones hídricas de suelo y plantas: una síntesis moderna
Gardado en:
| Autor Principal: | |
|---|---|
| Formato: | Libro |
| Idioma: | Lingua castelá |
| Publicado: |
Ciudad de México, México
Edutex
1974
|
| Subjects: | |
| Tags: |
Engadir etiqueta
Sen Etiquetas, Sexa o primeiro en etiquetar este rexistro!
|
MARC
| LEADER | 00000nam a2200000 a 4500 | ||
|---|---|---|---|
| 001 | UCR0091 | ||
| 003 | CL-VaPUC | ||
| 005 | 20230623074107.0 | ||
| 008 | 971129e19740000MX |||||||||||||||||spa|d | ||
| 999 | |c 263746 |d 263744 | ||
| 040 | |c Pontificia Universidad Católica de Valparaíso | ||
| 082 | 0 | 4 | |a 581.13 KRA 1974 |2 21 |
| 100 | |a Kramer, Paul Jackson |9 406345 | ||
| 245 | 1 | 0 | |a Relaciones hídricas de suelo y plantas: una síntesis moderna |
| 260 | 0 | 3 | |a Ciudad de México, México |b Edutex |c 1974 |
| 300 | |a 538 páginas | ||
| 583 | |a last modification |c 20141125 03:23:24 |k Rodrigo Vera | ||
| 650 | 0 | |a Riego |9 259685 | |
| 650 | 0 | |a Agua |9 257149 | |
| 650 | 0 | |a Propiedades |9 316623 | |
| 650 | 7 | |a SUELO |2 CL-VaPUC |9 348469 | |
| 650 | 0 | |a Irrigación del suelo |9 395540 | |
| 650 | 7 | |a RAIZ |2 CL-VaPUC |9 395509 | |
| 650 | 0 | |a Absorción |9 360464 | |
| 942 | |c BK |2 ddc | ||
| 945 | |d 19971129 00:00:00 |a rleighto | ||
| 952 | |0 0 |1 0 |2 ddc |4 0 |6 581_130000000000000_KRA_1974 |7 0 |8 A |9 293215 |a BIBCUR |b BIBCUR |d 2019-11-19 |i 2676362 |o 581.13 KRA 1974 |p 2676362 |r 2025-04-22 |t 1 |w 2019-11-19 |y BK |k BIO | ||